000 00350nam a22001457a 4500
008 221107b ||||| |||| 00| 0 eng d
020 _a2740314386992
041 _aeng
080 _2SECOND EDITION
_a616.053
082 _a616.053MCC
100 _a14
101 _aPEDI
245 _aGRIEF AND LOSS ACROSS THE LIFESPAN
_cMCCOYD J
942 _2udc
_cBK
999 _c58764
_d58764